<?xml version="1.0" encoding="UTF-8"?>
<record
    xmlns:xsi="http://www.w3.org/2001/XMLSchema-instance"
    xsi:schemaLocation="http://www.loc.gov/MARC21/slim http://www.loc.gov/standards/marcxml/schema/MARC21slim.xsd"
    xmlns="http://www.loc.gov/MARC21/slim">

  <leader>00754nam a2200241 a 4500</leader>
  <controlfield tag="001">42119</controlfield>
  <controlfield tag="003">BD-RjUL</controlfield>
  <controlfield tag="005">20241027141051.0</controlfield>
  <controlfield tag="008">160822m19601952nyua     b    001 0 eng  </controlfield>
  <datafield tag="035" ind1=" " ind2=" ">
    <subfield code="a">(BD-RjUL) 42119</subfield>
  </datafield>
  <datafield tag="040" ind1=" " ind2=" ">
    <subfield code="a">DLC</subfield>
    <subfield code="c">OGK</subfield>
    <subfield code="d">OCoLC</subfield>
    <subfield code="d">BD-RjUL</subfield>
    <subfield code="b">eng</subfield>
  </datafield>
  <datafield tag="041" ind1=" " ind2=" ">
    <subfield code="a">eng</subfield>
  </datafield>
  <datafield tag="082" ind1=" " ind2=" ">
    <subfield code="a">956</subfield>
    <subfield code="b">LEM 1960</subfield>
    <subfield code="2">23</subfield>
  </datafield>
  <datafield tag="100" ind1="1" ind2=" ">
    <subfield code="a">Lenczowski, George</subfield>
    <subfield code="9">116998</subfield>
  </datafield>
  <datafield tag="245" ind1="1" ind2="4">
    <subfield code="a">The Middle East in world affairs /</subfield>
    <subfield code="c">George Lenczowski</subfield>
  </datafield>
  <datafield tag="250" ind1=" " ind2=" ">
    <subfield code="a">2nd ed.</subfield>
  </datafield>
  <datafield tag="260" ind1=" " ind2=" ">
    <subfield code="a">New York :</subfield>
    <subfield code="b">Cornell University Press,</subfield>
    <subfield code="c">c1956,1952,  [Printing 1960]</subfield>
  </datafield>
  <datafield tag="300" ind1=" " ind2=" ">
    <subfield code="a">xx, 576 p. :</subfield>
    <subfield code="b">ill. ;</subfield>
    <subfield code="c">25 cm.</subfield>
  </datafield>
  <datafield tag="504" ind1=" " ind2=" ">
    <subfield code="a">Includes bibliography and index.</subfield>
  </datafield>
  <datafield tag="651" ind1=" " ind2="0">
    <subfield code="a">Middle East</subfield>
    <subfield code="x">History.</subfield>
    <subfield code="9">116999</subfield>
  </datafield>
  <datafield tag="651" ind1=" " ind2="0">
    <subfield code="a">Middle East</subfield>
    <subfield code="x">Politics and government.</subfield>
    <subfield code="9">117000</subfield>
  </datafield>
  <datafield tag="942" ind1=" " ind2=" ">
    <subfield code="2">ddc</subfield>
    <subfield code="c">BK</subfield>
  </datafield>
  <datafield tag="999" ind1=" " ind2=" ">
    <subfield code="c">42119</subfield>
    <subfield code="d">42119</subfield>
  </datafield>
  <datafield tag="952" ind1=" " ind2=" ">
    <subfield code="0">0</subfield>
    <subfield code="1">0</subfield>
    <subfield code="2">ddc</subfield>
    <subfield code="4">0</subfield>
    <subfield code="7">0</subfield>
    <subfield code="8">NFIC</subfield>
    <subfield code="a">RUCL</subfield>
    <subfield code="b">RUCL</subfield>
    <subfield code="c">Stack</subfield>
    <subfield code="d">1970-09-01</subfield>
    <subfield code="e">Zeitlinger</subfield>
    <subfield code="g">61.00</subfield>
    <subfield code="l">0</subfield>
    <subfield code="o">956 LEM 1960</subfield>
    <subfield code="r">2016-06-09 00:00:00</subfield>
    <subfield code="t">C-2</subfield>
    <subfield code="w">2016-06-09</subfield>
    <subfield code="y">BK</subfield>
  </datafield>
  <datafield tag="952" ind1=" " ind2=" ">
    <subfield code="0">0</subfield>
    <subfield code="1">0</subfield>
    <subfield code="2">ddc</subfield>
    <subfield code="4">0</subfield>
    <subfield code="7">0</subfield>
    <subfield code="8">NFIC</subfield>
    <subfield code="a">RUCL</subfield>
    <subfield code="b">RUCL</subfield>
    <subfield code="c">Stack</subfield>
    <subfield code="d">1970-09-01</subfield>
    <subfield code="e">Zeitlinger</subfield>
    <subfield code="g">61.00</subfield>
    <subfield code="l">1</subfield>
    <subfield code="o">956 LEM 1960</subfield>
    <subfield code="r">2022-12-18 00:00:00</subfield>
    <subfield code="s">2022-12-15</subfield>
    <subfield code="t">C-3</subfield>
    <subfield code="w">2016-06-09</subfield>
    <subfield code="y">BK</subfield>
  </datafield>
  <datafield tag="952" ind1=" " ind2=" ">
    <subfield code="0">0</subfield>
    <subfield code="1">0</subfield>
    <subfield code="2">ddc</subfield>
    <subfield code="4">0</subfield>
    <subfield code="7">0</subfield>
    <subfield code="8">NFIC</subfield>
    <subfield code="a">RUCL</subfield>
    <subfield code="b">RUCL</subfield>
    <subfield code="c">Stack</subfield>
    <subfield code="d">1962-10-26</subfield>
    <subfield code="e">Zeithinger</subfield>
    <subfield code="g">61.00</subfield>
    <subfield code="l">0</subfield>
    <subfield code="o">956 LEM 1960</subfield>
    <subfield code="r">2016-08-22 00:00:00</subfield>
    <subfield code="t">C-4</subfield>
    <subfield code="w">2016-08-22</subfield>
    <subfield code="y">BK</subfield>
  </datafield>
  <datafield tag="952" ind1=" " ind2=" ">
    <subfield code="0">0</subfield>
    <subfield code="1">0</subfield>
    <subfield code="2">ddc</subfield>
    <subfield code="4">0</subfield>
    <subfield code="7">1</subfield>
    <subfield code="8">NFIC</subfield>
    <subfield code="a">RUCL</subfield>
    <subfield code="b">RUCL</subfield>
    <subfield code="c">Reading</subfield>
    <subfield code="d">2024-10-27</subfield>
    <subfield code="l">0</subfield>
    <subfield code="o">956 LEM 1960</subfield>
    <subfield code="r">2024-10-27 00:00:00</subfield>
    <subfield code="t">C-1</subfield>
    <subfield code="w">2024-10-27</subfield>
    <subfield code="y">BK</subfield>
  </datafield>
</record>
